000 00412nam a22001697a 4500
005 20160520125405.0
008 160520b xxu||||| |||| 00| 0 eng d
020 _a978-81-318-0377-6
041 _aeng
082 _b3543
100 _aVerma N.K. & Khanna S.K.
_9881
245 _aComprehensive Chemistry Class XI
260 _bLaxmi Pub.
300 _a834
650 _aDIPLOMA ENGINEERING
_9817
942 _cBK
999 _c1207
_d1207